[Event "GER-chT U16"]
[Site "Kiel"]
[Date "2022.07.23"]
[Round "1.10"]
[White "Haubold, Henry"]
[Black "Trimpin, Fynn"]
[Result "0-1"]
[WhiteElo "963"]
[BlackElo "1437"]
[PlyCount "60"]
[EventDate "2022.07.22"]
[EventType "team-swiss"]
[EventRounds "7"]
[EventCountry "GER"]
[SourceTitle "CBM 209 Extra"]
[Source "ChessBase"]
[SourceDate "2022.09.30"]
[SourceVersion "1"]
[SourceVersionDate "2022.09.30"]
[SourceQuality "1"]
[WhiteTeam "Niederwiesa"]
[BlackTeam "Freiburg Zaehringen"]
[WhiteTeamCountry "GER"]
[BlackTeamCountry "GER"]

1. c4 e5 2. d3 Nf6 3. Nf3 d6 4. g3 Nbd7 5. Bg2 g6 6. Be3 Bg7 7. d4 0-0 8. 0-0 c6 9. Nbd2 Re8 10. c5 d5 11. Qc2 h6 12. Rad1 Nh7 13. Nb3 e4 14. Nfd2 f5 15. Bf4 h5 16. f3 g5 17. Bd6 g4 18. Rde1 Bh6 19. Bf4 Bxf4 20. gxf4 h4 21. fxg4 fxg4 22. h3 Ndf6 23. f5 Qc7 24. Rf2 gxh3 25. Bxh3 Re7 26. Rg2+ Rg7 27. Rxg7+ Qxg7+ 28. Kf1 Qg3 29. Qc3 e3 30. Nf3 Qf2# 0-1

[Event "GER-chT U14"]
[Site "Magdeburg"]
[Date "2018.12.29"]
[Round "5.4"]
[White "Kazimov, Alis"]
[Black "Trimpin, Fynn"]
[Result "1-0"]
[WhiteElo "1499"]
[BlackElo "1190"]
[PlyCount "57"]
[EventDate "2018.12.27"]
[EventType "team-swiss"]
[EventRounds "7"]
[EventCountry "GER"]
[SourceTitle "CBM 188 Extra"]
[Source "ChessBase"]
[SourceDate "2019.02.28"]
[SourceVersion "1"]
[SourceVersionDate "2019.02.28"]
[SourceQuality "1"]
[WhiteTeam "Porz SG"]
[BlackTeam "Freiburg Zaehringen"]
[WhiteTeamCountry "GER"]
[BlackTeamCountry "GER"]

1. e4 e5 2. Nf3 Nc6 3. Bc4 Nf6 4. Nc3 Bc5 5. 0-0 d6 6. h3 Be6 7. Bb3 0-0 8. d3 h6 9. Na4 Bb6 10. c3 d5 11. Nxb6 axb6 12. exd5 Nxd5 13. Qc2 Na5 14. Bd2 Nxb3 15. axb3 Qd6 16. Rxa8 Rxa8 17. Re1 f6 18. d4 exd4 19. Nxd4 Re8 20. Qg6 Re7 21. Bxh6 Nf4 22. Bxf4 Qxf4 23. Rxe6 Kf8 24. Rxe7 Kxe7 25. Qxg7+ Ke8 26. Qg6+ Kd7 27. Qf7+ Kd6 28. Qe6+ Kc5 29. b4# 1-0

[Event "GER-chT U14"]
[Site "Magdeburg"]
[Date "2018.12.28"]
[Round "3.4"]
[White "Trimpin, Fynn"]
[Black "Seinsoth, Paul"]
[Result "0-1"]
[WhiteElo "1190"]
[BlackElo "1536"]
[PlyCount "102"]
[EventDate "2018.12.27"]
[EventType "team-swiss"]
[EventRounds "7"]
[EventCountry "GER"]
[SourceTitle "CBM 188 Extra"]
[Source "ChessBase"]
[SourceDate "2019.02.28"]
[SourceVersion "1"]
[SourceVersionDate "2019.02.28"]
[SourceQuality "1"]
[WhiteTeam "Freiburg Zaehringen"]
[BlackTeam "Erfurt SK"]
[WhiteTeamCountry "GER"]
[BlackTeamCountry "GER"]

1. e4 c5 2. d4 cxd4 3. c3 dxc3 4. Nxc3 e6 5. Nf3 a6 6. Bc4 d6 7. 0-0 Nf6 8. Re1 b5 9. Bb3 Nc6 10. a4 Rb8 11. e5 dxe5 12. Qxd8+ Nxd8 13. Nxe5 b4 14. Ne2 Bb7 15. Ng3 Be7 16. Bf4 Rc8 17. Rac1 Nc6 18. Red1 Nxe5 19. Rxc8+ Bxc8 20. Bxe5 0-0 21. Bc4 Rd8 22. Rxd8+ Bxd8 23. Bd6 a5 24. Kf1 Bb6 25. f3 Bb7 26. Ne2 Nd5 27. Ke1 Ne3 28. Bb3 Nxg2+ 29. Kd2 Bxf3 30. Ng3 Bb7 31. Bc4 Ne3 32. b3 Nf5 33. Nxf5 exf5 34. Kd3 g5 35. Ke2 f4 36. Kf1 f3 37. Be7 h6 38. Bd6 Be4 39. Bg3 Kg7 40. Ke1 f5 41. Kf1 f4 42. Be1 g4 43. Bd2 Bc7 44. Be1 g3 45. hxg3 fxg3 46. Bd2 g2+ 47. Kg1 Bb6+ 48. Kh2 g1Q+ 49. Kh3 Qg2+ 50. Kh4 Bf2+ 51. Kh5 Bg6# 0-1

[Event "GER-chT U14"]
[Site "Magdeburg"]
[Date "2018.12.27"]
[Round "1.4"]
[White "Trimpin, Fynn"]
[Black "Guenther, Fabian"]
[Result "1-0"]
[WhiteElo "1190"]
[BlackElo "1485"]
[PlyCount "57"]
[EventDate "2018.12.27"]
[EventType "team-swiss"]
[EventRounds "7"]
[EventCountry "GER"]
[SourceTitle "CBM 188 Extra"]
[Source "ChessBase"]
[SourceDate "2019.02.28"]
[SourceVersion "1"]
[SourceVersionDate "2019.02.28"]
[SourceQuality "1"]
[WhiteTeam "Freiburg Zaehringen"]
[BlackTeam "Dresden TU"]
[WhiteTeamCountry "GER"]
[BlackTeamCountry "GER"]

1. e4 c5 2. d4 cxd4 3. c3 dxc3 4. Nxc3 d6 5. Nf3 Nc6 6. Bc4 e6 7. 0-0 a6 8. Re1 b5 9. Bb3 Bb7 10. a4 b4 11. Na2 a5 12. Be3 g6 13. Bc4 Bg7 14. Rb1 Nge7 15. Nc1 0-0 16. Nb3 Qc7 17. Bb5 Rfd8 18. Re2 Ba6 19. Bxa6 Rxa6 20. Rd2 Ne5 21. Nxe5 Bxe5 22. f4 Bg7 23. Nd4 Bxd4 24. Bxd4 Qb7 25. Qe2 Rc8 26. Rbd1 Qc7 27. Qxa6 Nc6 28. Bb6 Qe7 29. Qxc8+ 1-0

[Event "Baden Wuerttemberg-chT U14"]
[Site "Burg Ortenberg"]
[Date "2018.06.23"]
[Round "1.4"]
[White "Trimpin, Fynn"]
[Black "Afonso, Phil"]
[Result "0-1"]
[WhiteElo "1184"]
[BlackElo "1621"]
[PlyCount "146"]
[EventDate "2018.06.23"]
[EventType "team-tourn"]
[EventRounds "5"]
[EventCountry "GER"]
[SourceTitle "EXT 2019"]
[Source "ChessBase"]
[SourceDate "2018.10.10"]
[SourceVersion "1"]
[SourceVersionDate "2018.10.10"]
[SourceQuality "1"]
[WhiteTeam "Zaehringen U14"]
[BlackTeam "Kornwestheim U14"]
[WhiteTeamCountry "GER"]
[BlackTeamCountry "GER"]

1. e4 e5 2. Nf3 Nc6 3. Bc4 Bc5 4. c3 Nf6 5. d4 exd4 6. cxd4 Bb4+ 7. Bd2 Bxd2+ 8. Nbxd2 0-0 9. 0-0 d6 10. Re1 h6 11. Rc1 Bg4 12. h3 Bh5 13. d5 Ne5 14. Rc3 a6 15. Qc2 Nxf3+ 16. Nxf3 Re8 17. Be2 Re7 18. Nd2 Bg6 19. Bf3 Nxd5 20. Rb3 Nb6 21. Qc3 Rb8 22. Nc4 Nxc4 23. Qxc4 d5 24. Qd3 c6 25. Qc2 Qe8 26. Rbe3 Rd8 27. Qa4 dxe4 28. Bxe4 Bxe4 29. Rxe4 Rxe4 30. Rxe4 Qd7 31. Qc2 Qd1+ 32. Qxd1 Rxd1+ 33. Kh2 Kf8 34. Rb4 Rd7 35. Kg3 Ke8 36. Kf4 b5 37. a4 Re7 38. axb5 cxb5 39. Rd4 Re2 40. Re4+ Rxe4+ 41. Kxe4 Kd7 42. Kd5 f6 43. Kc5 Kc7 44. g3 f5 45. f4 h5 46. h4 g6 47. b4 Kb7 48. Kd5 Kb6 49. Kd6 a5 50. bxa5+ Kxa5 51. Kd5 Kb4 52. Kd4 Kb3 53. Kd3 Kb2 54. Kd2 b4 55. Kd3 b3 56. Kd4 Kc2 57. Ke5 b2 58. Kf6 b1Q 59. Kg5 Qg1 60. Kxg6 Qxg3+ 61. Kxf5 Qxh4 62. Ke5 Qe7+ 63. Kf5 h4 64. Kg4 Qf6 65. f5 h3 66. Kxh3 Qxf5+ 67. Kg3 Kd2 68. Kg2 Qf4 69. Kh3 Qg5 70. Kh2 Qg4 71. Kh1 Ke2 72. Kh2 Kf1 73. Kh1 Qh3# 0-1

[Event "GER-chT U12"]
[Site "Magdeburg"]
[Date "2017.12.30"]
[Round "7.4"]
[White "Blome, Johannes"]
[Black "Trimpin, Fynn"]
[Result "1-0"]
[WhiteElo "1621"]
[BlackElo "1028"]
[PlyCount "59"]
[EventDate "2017.12.26"]
[EventType "team-swiss"]
[EventRounds "7"]
[EventCountry "GER"]
[SourceTitle "CBM 182 Extra"]
[Source "ChessBase"]
[SourceDate "2018.02.23"]
[SourceVersion "1"]
[SourceVersionDate "2018.02.23"]
[SourceQuality "1"]
[WhiteTeam "Hamburger SK"]
[BlackTeam "Freiburg Zaehringen"]
[WhiteTeamCountry "GER"]
[BlackTeamCountry "GER"]

1. e4 e5 2. Nf3 Nc6 3. Bc4 Nf6 4. d3 d6 5. c3 Be7 6. 0-0 Be6 7. Bxe6 fxe6 8. Qb3 Qc8 9. Ng5 d5 10. Nd2 h6 11. Ngf3 0-0 12. Re1 Bd6 13. d4 Re8 14. dxe5 Nxe5 15. Nxe5 Bxe5 16. Nf3 Bd6 17. e5 Rf8 18. exd6 cxd6 19. Nd4 e5 20. Nc2 Ng4 21. Qxd5+ Kh8 22. f3 Qf5 23. Ne3 Nxe3 24. Bxe3 Qc2 25. a3 Rf6 26. Qxb7 Raf8 27. Qb5 Qg6 28. Kh1 Qh5 29. f4 exf4 30. Qxh5 1-0